000 00486nam a2200193Ia 4500
003 LK-CoDNM
005 20240119114810.0
008 010623t1922 xxu||||| |||| 00| 1 eng d
040 _aLK-CoDNM
_dLK-CoDNM
_eLK-CoDNM
041 _aeng
_asin
080 _a104
_bJ 10
100 _aKarunarathna,Malani.M
245 _aලංකා මාතා
246 _aLanka Maatha
260 _bSrilankodaya
_aMaradana
_c1922
_c1926
300 _b684p, 21 cm
490 _vVol.I-V
942 _cBK
999 _c91419
_d91419